[Event "Isthmia op 3rd"]
[Site "Vrachati"]
[Date "2013.08.21"]
[Round "5"]
[White "Sirigos, Nikolaos"]
[Black "Nathanail, Emanouel"]
[Result "1-0"]
[WhiteElo "2216"]
[BlackElo "2028"]
[PlyCount "59"]
[EventDate "2013.08.18"]
[EventType "swiss"]
[EventRounds "9"]
[EventCountry "GRE"]
[SourceTitle "CBM 156 Extra"]
[Source "ChessBase"]
[SourceDate "2013.10.22"]
[SourceVersion "1"]
[SourceVersionDate "2013.10.22"]
[SourceQuality "1"]

1. e4 c5 2. Ne2 d6 3. g3 g6 4. Bg2 Bg7 5. 0-0 h5 6. d4 cxd4 7. Nxd4 Bg4 8. Qd3 Qd7 9. h4 Nc6 10. Nxc6 bxc6 11. Nd2 Nh6 12. Nc4 0-0 13. Bf4 Be6 14. Rad1 Kh7 15. Rfe1 Qb7 16. b3 Rfd8 17. Ne3 Ng4 18. c4 a5 19. Nf5 Bf6 20. Nd4 Qb6 21. Bg5 Bxg5 22. hxg5 Bd7 23. Rd2 a4 24. Qc3 axb3 25. Nxb3 Be6 26. Nd4 Qc5 27. Rc1 Ra3 28. Nb3 Qxg5 29. f4 Qc5+ 30. Nxc5 1-0

[Event "Kerkyra op"]
[Site "Kerkyra"]
[Date "2009.09.13"]
[Round "9"]
[White "Doehner, Hans Juergen"]
[Black "Nathanail, Emanouel"]
[Result "1-0"]
[WhiteElo "2177"]
[BlackElo "2093"]
[PlyCount "91"]
[EventDate "2009.09.05"]
[EventType "swiss"]
[EventRounds "9"]
[EventCountry "GRE"]
[SourceTitle "CBM 132 Extra"]
[Source "ChessBase"]
[SourceDate "2009.11.03"]
[SourceVersion "1"]
[SourceVersionDate "2009.11.03"]
[SourceQuality "1"]

1. e4 e5 2. Nf3 Nc6 3. Bb5 a6 4. Ba4 d6 5. 0-0 Be7 6. c3 f5 7. d3 b5 8. Bc2 Nf6 9. a4 Rb8 10. axb5 axb5 11. Bb3 d5 12. exd5 Nxd5 13. Re1 Bf6 14. Nxe5 Nxe5 15. d4 Be6 16. dxe5 Be7 17. Ra6 Rb6 18. Rxb6 cxb6 19. Qh5+ g6 20. Qe2 Qd7 21. Bh6 Kf7 22. Rd1 Qc6 23. Bc2 Rd8 24. Bc1 Re8 25. Bd3 b4 26. c4 Nc7 27. b3 Na6 28. Nd2 Nc5 29. Bc2 Bd7 30. Nf3 Ne6 31. Nd4 Nxd4 32. Rxd4 Bc5 33. Rd1 Be6 34. Bd3 Rb8 35. Bh6 Bc8 36. Kh1 Bd4 37. f4 Qc5 38. Bg5 Bb7 39. Bh4 h6 40. h3 Ke6 41. Kh2 Be3 42. Bg3 Ra8 43. Bb1 Bd4 44. Bh4 g5 45. Bg3 Rd8 46. Qh5 1-0

[Event "Ambelokipi op 091th"]
[Site "Athens"]
[Date "2008.11.08"]
[Round "1"]
[White "Nathanail, Emanouel"]
[Black "Nteoudis, Konstantinos"]
[Result "1-0"]
[WhiteElo "2171"]
[BlackElo "1602"]
[PlyCount "65"]
[EventDate "2008.11.08"]
[EventType "swiss"]
[EventCountry "GRE"]
[SourceTitle "EXT 2024"]
[Source "ChessBase"]
[SourceDate "2023.10.10"]
[SourceVersion "1"]
[SourceVersionDate "2023.10.10"]
[SourceQuality "1"]

1. c4 Nf6 2. g3 g6 3. Bg2 Bg7 4. Nc3 0-0 5. a3 d6 6. b4 c5 7. e3 Nc6 8. b5 Ne5 9. d3 Bf5 10. e4 Bg4 11. Qc2 Re8 12. h3 Bc8 13. Nge2 e6 14. 0-0 d5 15. cxd5 exd5 16. f4 Nxd3 17. Qxd3 d4 18. Nd1 Be6 19. Nb2 Rc8 20. g4 c4 21. Qxd4 Qxd4+ 22. Nxd4 Nxe4 23. Nxe6 Rxe6 24. f5 Ree8 25. Bxe4 Bd4+ 26. Kg2 Rxe4 27. Rb1 c3 28. Nd3 Re2+ 29. Kf3 Rce8 30. Rb4 R8e3+ 31. Bxe3 Rxe3+ 32. Kf4 Rxd3 33. Ke4 1-0

[Event "Athens Acropolis op"]
[Site "Athens"]
[Date "2008.08.13"]
[Round "5"]
[White "Nathanail, Emanouel"]
[Black "Kokolias, Konstantinos"]
[Result "0-1"]
[WhiteElo "2219"]
[BlackElo "2197"]
[PlyCount "50"]
[EventDate "2008.08.09"]
[EventType "swiss"]
[EventRounds "9"]
[EventCountry "GRE"]
[SourceTitle "CBM 125 Extra"]
[Source "ChessBase"]
[SourceDate "2008.09.01"]
[SourceVersion "1"]
[SourceVersionDate "2008.09.01"]
[SourceQuality "1"]

1. d4 d5 2. c4 c6 3. cxd5 cxd5 4. Nc3 e5 5. dxe5 d4 6. Qa4+ Nc6 7. Nb5 a6 8. Nf3 Be6 9. Nd6+ Bxd6 10. exd6 Qxd6 11. g3 Rd8 12. a3 Nf6 13. Bf4 Qd5 14. Bg2 0-0 15. 0-0 Qc4 16. Qd1 Qb5 17. b4 Bc4 18. Re1 Rfe8 19. Bf1 Ne4 20. Bd2 Qf5 21. Qb1 d3 22. Kg2 dxe2 23. Bxe2 Rxd2 24. Nxd2 Qxf2+ 25. Kh1 Bxe2 0-1

[Event "Athens Acropolis op"]
[Site "Athens"]
[Date "2008.08.12"]
[Round "4"]
[White "Makka, Evanthia"]
[Black "Nathanail, Emanouel"]
[Result "1-0"]
[WhiteElo "2099"]
[BlackElo "2219"]
[PlyCount "117"]
[EventDate "2008.08.09"]
[EventType "swiss"]
[EventRounds "9"]
[EventCountry "GRE"]
[SourceTitle "CBM 125 Extra"]
[Source "ChessBase"]
[SourceDate "2008.09.01"]
[SourceVersion "1"]
[SourceVersionDate "2008.09.01"]
[SourceQuality "1"]

1. e4 Nf6 2. e5 Nd5 3. d4 d6 4. c4 Nb6 5. exd6 exd6 6. Nc3 Be7 7. h3 Nc6 8. Nf3 Bf5 9. Bd3 Qd7 10. 0-0 h6 11. b3 0-0 12. Bf4 Bf6 13. Bxf5 Qxf5 14. Qd2 Rfe8 15. Rae1 a6 16. Bg3 Rad8 17. Re3 Re7 18. Rxe7 Nxe7 19. Re1 Kf8 20. Ne4 g5 21. Nxf6 Qxf6 22. h4 g4 23. Nh2 h5 24. Bf4 Qg6 25. Bh6+ Ke8 26. Bg5 f6 27. Re6 Qb1+ 28. Re1 Qg6 29. Re6 Qb1+ 30. Nf1 fxg5 31. Qxg5 Qh7 32. Rh6 Qf5 33. Rxh5 Qxg5 34. Rxg5 Kf7 35. Rxg4 d5 36. Ne3 dxc4 37. bxc4 Nc6 38. Rf4+ Kg6 39. d5 Ne5 40. g4 Rd7 41. Kg2 Rf7 42. h5+ Kg7 43. Re4 Nd3 44. Nf5+ Kh7 45. Kg3 Nd7 46. Rd4 Nc1 47. Kh4 Ne5 48. Re4 Nf3+ 49. Kg3 Ng5 50. Re3 Rd7 51. f4 Nf7 52. a3 b5 53. g5 Nd6 54. Nxd6 cxd6 55. cxb5 axb5 56. f5 Rg7 57. g6+ Kh6 58. f6 Rc7 59. f7 1-0

[Event "Athens Acropolis op"]
[Site "Athens"]
[Date "2008.08.10"]
[Round "2"]
[White "Velcheva, Maria"]
[Black "Nathanail, Emanouel"]
[Result "1/2-1/2"]
[WhiteElo "2281"]
[BlackElo "2219"]
[PlyCount "34"]
[EventDate "2008.08.09"]
[EventType "swiss"]
[EventRounds "9"]
[EventCountry "GRE"]
[SourceTitle "CBM 125 Extra"]
[Source "ChessBase"]
[SourceDate "2008.09.01"]
[SourceVersion "1"]
[SourceVersionDate "2008.09.01"]
[SourceQuality "1"]

1. e4 Nf6 2. e5 Nd5 3. d4 d6 4. c4 Nb6 5. exd6 exd6 6. Nc3 Be7 7. h3 Nc6 8. Nf3 Bf5 9. Be3 0-0 10. Be2 d5 11. c5 Nc4 12. Bxc4 dxc4 13. Qa4 Bd3 14. d5 Nb8 15. Ne5 Bxc5 16. Nxd3 Bxe3 17. fxe3 cxd3 1/2-1/2

[Event "Corfu"]
[Site "Corfu"]
[Date "1995.??.??"]
[Round "1"]
[White "Skembris, Spyridon"]
[Black "Nathanail, Emanouel"]
[Result "1-0"]
[WhiteElo "2525"]
[BlackElo "2245"]
[PlyCount "71"]
[EventDate "1995.??.??"]
[EventType "k.o."]
[EventRounds "4"]
[EventCountry "GRE"]
[SourceTitle "EXT 2004"]
[Source "ChessBase"]
[SourceDate "2003.11.25"]
[SourceVersion "1"]
[SourceVersionDate "2003.11.25"]
[SourceQuality "1"]

1. d4 Nf6 2. c4 e6 3. Nc3 d5 4. Nf3 Be7 5. Bg5 0-0 6. e3 Ne4 7. Bxe7 Qxe7 8. Bd3 Nxc3 9. bxc3 c6 10. 0-0 Nd7 11. Rb1 b6 12. a4 dxc4 13. Bxc4 Bb7 14. e4 Rfd8 15. Re1 e5 16. Qb3 Kh8 17. Bxf7 c5 18. Bd5 Rab8 19. Rbd1 exd4 20. cxd4 cxd4 21. Rxd4 Nc5 22. Qd1 Rf8 23. h3 Rbe8 24. Bxb7 Qxb7 25. e5 Qf7 26. Qc2 Ne6 27. Rh4 g5 28. Rh6 Qg7 29. Rf6 Nf4 30. Qf5 Nd5 31. Rxf8+ Rxf8 32. Qxg5 Qxg5 33. Nxg5 Nc3 34. e6 Nd5 35. Rd1 Ne7 36. Rd7 1-0